La filosofía /

En la oscuridad del encierro más absoluto, hay una luz que siempre se enciende: la del pensamiento; saber que podemos pensar. Pensar, en definitiva, es el único camino posible para cuestionar lo que consideramos normal y para evaluar alternativas que, para nuestra cotidianidad, resultan imposibles....

Descripción completa

Guardado en:
Autor Principal: Sztajnszrajber, Darío
Autores Corporativos: Canal Encuentro., Mulata films.
Formato: Deslizar
Publicado: Argentina : Canal Encuentro, 2014.
Series:Mentira la verdad - Temporada 3
Materias:
Etiquetas: Agregar Etiqueta
Sin Etiquetas, Sea el primero en etiquetar este registro!
LEADER 01195ngm a22002895g 4500
001 CEM.cems023345
008 130507s2014##################0###0#####d
005 20250306162648.0
245 1 0 |a La filosofía /  |c Darío Sztajnszrajber. 
260 |a Argentina :  |b Canal Encuentro,  |c 2014. 
300 |a 28'. 
490 0 |a Mentira la verdad - Temporada 3 
520 |a En la oscuridad del encierro más absoluto, hay una luz que siempre se enciende: la del pensamiento; saber que podemos pensar. Pensar, en definitiva, es el único camino posible para cuestionar lo que consideramos normal y para evaluar alternativas que, para nuestra cotidianidad, resultan imposibles. 
538 |a Soporte: DVD - Color: Si - Grabación DRD. 
590 |a Identificación anterior registrada en SIABUC: D116C 
500 |a Consultar en ventanilla. 
100 1 |a Sztajnszrajber, Darío 
710 2 |a Canal Encuentro. 
710 2 |a Mulata films. 
082 1 0 |/ SZT 
653 |a FILOSOFIA 
653 |a SOCIEDAD 
653 |a MENTIRA LA VERDAD 
653 |a PENSAMIENTO 
653 |a EXISTENCIALISMO 
653 |a SERIE DE TELEVISIÓN 
859 |a CEMS  |b BIB. CEMS - Depto. Recursos Didacticos  |h 100  |i SZT  |k DRD  |p 1988.15  |t Ej.1